The New schools of Spanish American poetry.

Αποθηκεύτηκε σε:
Λεπτομέρειες βιβλιογραφικής εγγραφής
Κύριος συγγραφέας: Stimson, Frederick S.
Μορφή: Βιβλίο
Γλώσσα:English
Έκδοση: Madrid : Castalia, 1970.
Σειρά:Estudios de hispanofila ; 13
Θέματα:
LEADER 00799nam a22002171 4500
001 c000195917
003 CARM
005 20021125001700.0
008 851003s1970 sp 0 eng d
019 1 |a 3973673  |5 LACONCORD2021 
035 |a (OCoLC)216906928  |5 LACONCORD2021 
100 1 |a Stimson, Frederick S. 
245 1 4 |a The New schools of Spanish American poetry. 
260 |a Madrid :  |b Castalia,  |c 1970. 
440 0 |a Estudios de hispanofila ;  |v 13 
650 0 |a Authors, Spanish American. 
650 0 |a Spanish American poetry  |y 20th century. 
852 8 |b CARM  |h A2:AK34G0  |i C08085  |p 0287964  |f BK 
082 0 4 |a 861.6 
999 f f |i 2593798b-507c-5373-8ba6-cf8d69eeab38  |s 15579129-d7a1-5463-a447-5b2ae9583902 
952 f f |p Can circulate  |a CAVAL  |b CAVAL  |c CAVAL  |d CARM 1 Store  |e C08085  |f A2:AK34G0  |h Other scheme  |i book  |m 0287964